000
00321nam a2200133Ia 4500
008
210210b1963 xxu||||| |||| 00| 0 eng d
082
_a
301 COLI
100
_a
COLE (William E).
245
_a
Introductory sociology.
260
_a
NY
_b
David Mckay Co.
_c
1963
300
_a
xii,369
690
_a
Sociology
906
_a
040908
999
_c
90849
_d
90849